|
|
|
|
| LEADER |
00000nab a2200000 a 4500 |
| 001 |
vtls000771856 |
| 003 |
SK-MaSNL |
| 005 |
20260304105436.0 |
| 008 |
250429c2001 xo 0 slo |
| 015 |
|
|
|a SNBRB2001/10-30377
|
| 035 |
|
|
|a CLN000123643
|
| 035 |
|
|
|a urn:nbn:sk:snk-abmlg
|
| 035 |
|
|
|a (urnnbn)urn:nbn:sk:snk:ar-003dow
|
| 035 |
|
|
|a (uuid)3e35daa7-3d3a-466a-a1a2-5c184061934c
|
| 040 |
|
|
|a SNKBUCL
|b slo
|c SNKBUCL
|e AACR2
|
| 041 |
0 |
|
|a hun
|
| 044 |
|
|
|a xo
|c SK
|
| 080 |
|
|
|a 885.4-3=945.11
|2 1997
|
| 100 |
1 |
|
|a Vilikovský, Pavel,
|d 1941-2020
|4 aut
|9 89818
|
| 245 |
1 |
0 |
|a Pompeji utolsó lova
|b (részlet a regényből, amely a közeljövőben jelenik meg a Kalligram Kiadó gondozásában.)
|c Pavel Vilikovský ; fordította Hizsnyai Tóth Ildikó
|
| 300 |
|
|
|b Obr.
|
| 650 |
0 |
7 |
|a romány spoločenské slovenské
|x úryvky
|2 snkbucl
|9 855752
|
| 655 |
|
7 |
|a články z novín a časopisov
|2 snkbucl
|9 267496
|
| 700 |
1 |
|
|a Hizsnyai Tóth, Ildikó,
|d 1966-
|4 trl
|9 222044
|
| 773 |
0 |
|
|t Kalligram
|g Č. 9-10 (2001), s. 131-155
|x 1335-1826
|
| 850 |
|
|
|a Slovenská národná knižnica
|
| 852 |
|
|
|a Slovenská národná knižnica
|
| 958 |
|
|
|a article27
|
| 958 |
|
|
|a OND
|
| 958 |
|
|
|a HU
|
| 958 |
|
|
|a SK
|
| 958 |
|
|
|a LX
|
| 992 |
|
|
|a RBX
|
| 999 |
|
|
|c 2855713
|d 2857643
|